| 000 | 00746nam a2200193 a 4500 | ||
|---|---|---|---|
| 001 | 000041399 | ||
| 005 | 20201002034844.0 | ||
| 008 | 131002s2005 cl b 000 0 spa d | ||
| 020 | _a9562441741 | ||
| 040 |
_aDO-SdBNP _bspa _cBNPHU |
||
| 082 |
_axxxx _bxxxx |
||
| 100 | 1 |
_aAgard-Lavallé _968049 |
|
| 245 | 1 | 0 |
_aDel Garona al Mapocho:. : _bemigrantes, comerciantes y viajeros de Burdeos a Chile (1830-1870) / _cFrancine Agard-Lavallé, Bernard Lavallé. |
| 260 |
_aSantiago de Chile, : _bCentro de investigaciones Diego Barros Arana _bDirección de bibliotecas, archivos y museos, _c2005. |
||
| 490 | 1 |
_aEnsayos y estudios _v5 |
|
| 504 | _aBibliografía p: 123-124 | ||
| 700 | 1 |
_aLavallé, Bernard _965965 |
|
| 830 | 0 |
_aEnsayos y estudios _v5 _968050 |
|
| 999 |
_c40889 _d40889 |
||